000 02077nas a2200313 a 4500
005 20251113112911.0
007 ta
008 241030e2023 dr z||p|r||||||0| spa d
022 _a2960754X
022 _aDigital 20607582
040 _aDO-SdBNP
_cBNPHU
_erda
041 _hspa
110 _aSociedad Dominicana de Pediatría
_936054
210 _aADOPA
245 _aADOPA :
_barchivos dominicanos de pediatría y adolescentes /
_cSociedad Dominicana de Pediatría
260 _aSanto Domingo, República Dominicana :
_bSociedad Dominicana de Pediatría,
_c2023.
300 _avolumen :
_bilustraciones, fotografías, gráficas ;
_c25.5 cm.
310 _aCuatrimestral.
362 _aVol. 1, No. 1. Enero-abril 2023.
500 _aDonado por: Editora Búho.
500 _aPublicación de divulgación científica de la Sociedad Dominicana de Pediatría.
500 _aPublicación en formato físico y digital.
521 _aArchivos Dominicanos de Pediatría y Adolescencia (ADOPA) es una revista científica, biarbitrada, del área de Pediatría y de las distintas subdisciplinas asociadas; surge como una iniciativa de la Sociedad Dominicana de Pediatría ante la necesidad de un espacio sistemático, riguroso y plural para la divulgación del conocimiento médico pediátrico de especialistas e investigadores dominicanos. Se presenta como un medio para la difusión gratuita de sus trabajos científicos de calidad sobre la niñez y la adolescencia dominicanas, por lo que su existencia es un estímulo para la producción científica, la investigación y la formación de una bibliografía nacional que responda a las realidades locales en el sector salud infantil y adolescente.
650 0 _aPediatría preventiva
_986775
_vPublicaciones periódicas
650 0 _aPediatría
_919620
_vPublicaciones periódicas
_zRepública Dominicana
650 0 _aRevista científica
_986776
856 _uhttps://adopa.pediatriadominicana.org/index.php/adopa
942 _2ddc
_cISSUE
_hVol. 1, No. 1. Enero-abril 2023
999 _c57942
_d57942